Effectif de Solary - Statistiques

Statistiques générales
  • Ce quiz a été pris 21 fois
  • Le résultat moyen est 17 sur 45
Statistiques - réponses
Réponse % Correct
Fortnite
78%
League of Legends (Académie)
78%
League of Legends (LFL)
78%
Decay
72%
Kryze
72%
Myrtus
72%
TakeSet
72%
Teamfight Tactics
72%
TrackMania
67%
CarlJr
61%
Eckas
61%
Rocket League
61%
Super Smash Bros Ultimate
61%
VALORANT
61%
Dofus
56%
Voltariux
56%
Floki
50%
Glutonny
50%
Chaussette45
44%
Hearthstone
44%
Kaydop
44%
Aos Si
39%
Voxe
39%
Artskill
33%
Dragon Ball FighterZ
22%
memset
22%
Skydeun
22%
Tars
22%
Yasha
22%
Dizdemon
17%
Felkeine
17%
Odemian
17%
Maverick
11%
Sevire
11%
Yukiko
11%
APO
6%
Asyris
6%
Couki
6%
DarkLight
6%
Kinguyen
6%
Natsudoku
6%
Ragacio
6%
Lilium
0%
Ward-Portail
0%
Yushia
0%
Aucun quiz correspondant
Distribution des résultats
% des personnes avec chaque résultat
Percentile par nombre de réponses
Votre historique - résultats
Vous n’avez pas pris ce quiz